000 01994cam a2200169 4500500
005 20260208013549.0
041 _afre
042 _adc
100 1 0 _aWrona, Adeline
_eauthor
245 0 0 _aVies minuscules, vies exemplaires : récit d'individu et actualité
260 _c2005.
500 _a21
520 _aLa floraison contemporaine des portraits dans la presse, et des récits d’individus de manière plus générale, invite à s’interroger sur la forme de récit que cette pratique mobilise. Doit-on y voir l’expression d’un individualisme polymorphe, ou bien l’invention d’une représentation spécifique de la personne, qui serait moins singulière qu’exemplaire ? Le cas des portraits of grief illustre cette seconde hypothèse : une logique synecdochique y travaille le récit dans tous ses détails, faisant de l’individu raconté la partie d’un tout, et de ce tout reconstitué, l’objectif d’un journalisme de commémoration, qui participe d’un large mouvement de reconstruction nationale.
520 _aTINY LIVES, EXEMPLARY LIVES: PERSONAL ACCOUNTS AND NEWS The case of Portraits of Grief in the New York Times after 11 September 2001 The contemporary flourishing of press portraits and, more generally, of personal accounts raises the question of the form of narrative that this type of practice mobilizes. Should it be seen as the expression of a polymorphous individualism, or the invention of a specific representation of the individual that is exemplary rather than singular? The Portraits of Grief case illustrates the latter hypothesis: a synecdochic logic is present throughout the narrative, so that the individual is part of a whole, and this reconstructed whole is the objective of a journalism of commemoration, set in a broad movement of national reconstruction.
786 0 _nRéseaux | 132 | 4 | 2005-08-01 | p. 93-110 | 0751-7971
856 4 1 _uhttps://shs.cairn.info/revue-reseaux1-2005-4-page-93?lang=fr&redirect-ssocas=7080
999 _c1660369
_d1660369